Normal view
MARC view
- LEKSHMI S. PRASAD
Entry Personal Name
001 - CONTROL NUMBER
- control field: 3991
003 - CONTROL NUMBER IDENTIFIER
- control field: OSt
005 - DATE AND TIME OF LATEST TRANSACTION
- control field: 20181121131452.0
008 - FIXED-LENGTH DATA ELEMENTS
- fixed length control field: 181121|| aca||aabn | a|a d
040 ## - CATALOGING SOURCE
- Original cataloging agency: OSt
- Transcribing agency: OSt
100 ## - HEADING--PERSONAL NAME
- Personal name: LEKSHMI S. PRASAD
670 ## - SOURCE DATA FOUND
- Source citation: Work cat.: (OSt)15139: LEKSHMI S. PRASAD, Assessment of food demand and production potential of Kuttippuram grama panchayath using GIS, remote sensing and watershed modeling
